MARC details
| 000 -LEADER |
| fixed length control field |
02733nam a2200277 4500 |
| 008 - FIXED-LENGTH DATA ELEMENTS--GENERAL INFORMATION |
| fixed length control field |
s2002 be fre u |
| 020 ## - INTERNATIONAL STANDARD BOOK NUMBER |
| International Standard Book Number |
2804137201 |
| 020 ## - INTERNATIONAL STANDARD BOOK NUMBER |
| International Standard Book Number |
9782804137205 |
| 040 ## - CATALOGING SOURCE |
| Original cataloging agency |
LB-BrCRDP |
| 082 1# - DEWEY DECIMAL CLASSIFICATION NUMBER |
| Classification number |
370 |
| Item number |
LAV |
| 100 1# - MAIN ENTRY--PERSONAL NAME |
| Personal name |
Laveault, Dany |
| 245 10 - TITLE STATEMENT |
| Title |
Introduction aux théories des tests en psychologie et en sciences de l'éducation |
| Statement of responsibility, etc. |
Dany Laveault , Jacques Grégoire |
| 250 ## - EDITION STATEMENT |
| Edition statement |
2e éd. |
| 260 ## - PUBLICATION, DISTRIBUTION, ETC. |
| Place of publication, distribution, etc. |
Bruxelles |
| Name of publisher, distributor, etc. |
De Boeck |
| Date of publication, distribution, etc. |
2002 |
| 300 ## - PHYSICAL DESCRIPTION |
| Extent |
377 p. |
| Dimensions |
24 cm |
| 490 0# - SERIES STATEMENT |
| Series statement |
Méthodes en sciences humaines |
| 500 ## - GENERAL NOTE |
| General note |
Sommaire, glossaire, table des matières. |
| 520 ## - SUMMARY, ETC. |
| Summary, etc. |
Face à la demande grandissante de développement de tests et de questionnaires observée en psychologie et en éducation, les praticiens sont souvent démunis : les bases méthodologiques et statistiques leur font défaut.Le présent ouvrage vise à combler cette lacune. Il se veut à la fois rigoureux du point de vue des concepts et des méthodes, et accessible à des non-spécialistes des statistiques. Cette 2e édition aborde, pas à pas, le processus de développement d'un test : construction des items, observation de la distribution des scores et analyse de leurs propriétés métriques, évaluation des qualités métriques du test (fidélité et validité), repérage des éventuels biais, établissement de normes et comparaison de scores.Un chapitre annexe présente les bases des statistiques inférentielles utiles pour la compréhension de certaines sections de l'ouvrage. L'essentiel de l'ouvrage est construit sur la base du modèle classique des scores qui reste la référence la plus courante lors du développement de tests. Les auteurs consacrent toutefois plusieurs sections à certaines extensions du modèle classique, comme le modèle binomial et la théorie de la général isabi1ité.Tout un chapitre est, par ailleurs, réservé aux modèles de réponse à l'item. Le lecteur pourra ainsi se familiariser avec les développements théoriques les plus récents dans le domaine de la création d'outils de mesure en psychologie et en éducation. Les concepts utilisés sont définis de manière systématique et les méthodes présentées sont illustrées par de nombreux exemples. Un glossaire anglais-français et une liste des symboles figurent en fin de volume. Cet ouvrage très didactique intéressera tout particulièrement les professeurs et étudiants des 1er et 2e cycles en psychologie, en sciences de l'éducation et en sciences humaines. |
| 650 4# - SUBJECT ADDED ENTRY--TOPICAL TERM |
| Topical term or geographic name entry element |
Sciences de l'éducation |
| 650 4# - SUBJECT ADDED ENTRY--TOPICAL TERM |
| Topical term or geographic name entry element |
Sciences humaines |
| 650 4# - SUBJECT ADDED ENTRY--TOPICAL TERM |
| Topical term or geographic name entry element |
Psychologie |
| 650 4# - SUBJECT ADDED ENTRY--TOPICAL TERM |
| Topical term or geographic name entry element |
Psychanalyse |
| 700 1# - ADDED ENTRY--PERSONAL NAME |
| Personal name |
Grégoire, Jacques |
| 942 ## - ADDED ENTRY ELEMENTS (KOHA) |
| Koha item type |
Books |